000 00325 a2200121 4500
000 nam a22 7a 4500
005 20260507135102.0
020 _a9783031578199
100 _aWei Jiang
245 _aCellular Communication Networks and Standards: The Evolution from 1G to 6G
260 _bSpringer
_c2024
942 _cTEXL
999 _c1851102
_d1851102